000 00682nam a2200217Ia 4500
003 GCL
008 140319s9999 xx 000 0 ara d
040 _aGCL /
_cGCL
082 0 4 _a219.3
_bح ا
100 1 _aحسين فوزى النجار
245 1 0 _aالاسلام والسياسة /
_cحسين فوزى النجار
260 _a[S.N] :
_bدار المعارف
300 _a343 ص
490 _a
650 0 4 _aالاخلاق الاسلامية
650 0 4 _aالتاريخ الاسلامى
650 0 4 _aالاسلام والاصلاح السياسى
650 0 4 _aالاحكام السلطانية
650 0 4 _aالاسلام والسياسة
942 _2ddc
_cBK
999 _c53899
_d53899